000 00716nmc a2200289 a 4500
003 AR-BaBNM
005 20251128202753.0
008 237019s1975 ||||||||||||||000 | spa||
040 _cAR-BaBNM
100 1 _aMujica Láinez, Manuel
245 1 0 _aLos viajeros
250 _a3ª ed.
260 _aBuenos Aires
_bSudamericana
_c1975
300 _a250 p.
490 0 _aHorizonte
650 4 _aLITERATURA ARGENTINA
650 4 _aNOVELAS
650 4 _aESCRITORES
650 4 _aLITERATURA CONTEMPORANEA
650 4 _aCOSTUMBRES Y TRADICIONES
651 4 _aBuenos Aires [Capital Federal]
653 _aNARRATIVA
653 _aINFLUENCIA CLASICA
655 _aLITERATURA
942 _cBK
998 _cMARTIN
999 _c483
_d483